[Event "Piaui-ch sf1"]
[Site "Teresina"]
[Date "2022.04.10"]
[Round "5"]
[White "Amorim, Gidelson Ferreira"]
[Black "Alves da Silva, Thiago"]
[Result "1-0"]
[WhiteElo "2108"]
[BlackElo "1949"]
[PlyCount "55"]
[EventDate "2022.04.08"]
[EventType "swiss"]
[EventRounds "5"]
[EventCountry "BRA"]
[SourceTitle "EXT 2023"]
[Source "ChessBase"]
[SourceDate "2022.10.05"]
[SourceVersion "1"]
[SourceVersionDate "2022.10.05"]
[SourceQuality "1"]

1. d4 Nf6 2. c4 e6 3. Nf3 b6 4. g3 Bb7 5. Bg2 Bb4+ 6. Bd2 Be7 7. 0-0 0-0 8. d5 exd5 9. Nh4 Ne4 10. Bxe4 dxe4 11. Nf5 Bf6 12. Bc3 d6 13. Ne3 c6 14. Ng4 Bxc3 15. Nxc3 f5 16. Ne3 f4 17. Ng2 fxg3 18. fxg3 Rxf1+ 19. Qxf1 d5 20. Rd1 Na6 21. cxd5 cxd5 22. e3 Qg5 23. Nxd5 Nc5 24. Qc4 Kh8 25. Ndf4 Rd8 26. Rd4 Qe7 27. Nh4 Rc8 28. Nhg6+ 1-0

[Event "Florianopolis op 7th"]
[Site "Florianopolis"]
[Date "2021.01.20"]
[Round "4"]
[White "Teramoto, Anderson"]
[Black "Alves da Silva, Thiago"]
[Result "1/2-1/2"]
[WhiteElo "1618"]
[BlackElo "1991"]
[PlyCount "59"]
[EventDate "2021.01.18"]
[EventType "swiss"]
[EventRounds "10"]
[EventCountry "BRA"]
[SourceTitle "CBM 200 Extra"]
[Source "ChessBase"]
[SourceDate "2021.03.31"]
[SourceVersion "1"]
[SourceVersionDate "2021.03.31"]
[SourceQuality "1"]

1. c4 Nf6 2. g3 e5 3. Bg2 Bc5 4. Nf3 Nc6 5. a3 a5 6. 0-0 d6 7. Nc3 0-0 8. d3 h6 9. Nd2 Be6 10. Rb1 d5 11. cxd5 Nxd5 12. Nxd5 Bxd5 13. Ne4 Be7 14. Nc3 Bxg2 15. Kxg2 b5 16. Be3 b4 17. axb4 axb4 18. Ne4 Qd5 19. f3 Ra2 20. Nd2 Bg5 21. Bxg5 hxg5 22. Qb3 Qxb3 23. Nxb3 Nd4 24. Nxd4 exd4 25. Rfc1 Rc8 26. Rc4 c5 27. Kf2 Kf8 28. g4 Ke7 29. e3 dxe3+ 30. Kxe3 1/2-1/2

[Event "Teresina Piauiense-ch"]
[Site "Teresina"]
[Date "2019.10.26"]
[Round "8"]
[White "Alves da Silva, Thiago"]
[Black "Leite, Italo Andre Medeiro"]
[Result "0-1"]
[WhiteElo "2026"]
[BlackElo "1916"]
[PlyCount "66"]
[EventDate "2019.10.11"]
[EventType "tourn"]
[EventRounds "9"]
[EventCountry "BRA"]
[SourceTitle "CBM 192 Extra"]
[Source "Chessbase"]
[SourceDate "2019.11.06"]
[SourceVersion "1"]
[SourceVersionDate "2019.11.06"]
[SourceQuality "1"]

1. e4 c5 2. c3 d5 3. exd5 Qxd5 4. d4 e5 5. dxe5 Qxe5+ 6. Qe2 Qxe2+ 7. Bxe2 Bd6 8. Na3 Nc6 9. Nc4 Bc7 10. Be3 b6 11. 0-0-0 Nge7 12. Nd6+ Bxd6 13. Rxd6 Bb7 14. Bf3 0-0 15. Nh3 Rfd8 16. Rhd1 Rxd6 17. Rxd6 Rd8 18. Bf4 Rxd6 19. Bxd6 Bc8 20. Nf4 Bd7 21. Nd3 Nc8 22. Ne5 Nxd6 23. Nxd7 Ne7 24. a4 f6 25. a5 Ndc8 26. Kc2 Kf7 27. Kb3 Ke8 28. Nb8 Nd6 29. Na6 Kd7 30. Ka4 Nc6 31. b4 cxb4 32. axb6 axb6 33. Nxb4 Ne5 0-1

[Event "Teresina Piauiense-ch"]
[Site "Teresina"]
[Date "2019.10.13"]
[Round "3"]
[White "Alves da Silva, Thiago"]
[Black "Farias, Edilsom"]
[Result "0-1"]
[WhiteElo "2026"]
[BlackElo "1849"]
[PlyCount "62"]
[EventDate "2019.10.11"]
[EventType "tourn"]
[EventRounds "9"]
[EventCountry "BRA"]
[SourceTitle "CBM 192 Extra"]
[Source "Chessbase"]
[SourceDate "2019.11.06"]
[SourceVersion "1"]
[SourceVersionDate "2019.11.06"]
[SourceQuality "1"]

1. e4 c6 2. d4 d5 3. Nd2 dxe4 4. Nxe4 Bf5 5. Ng3 Bg6 6. Nf3 Nd7 7. h4 h6 8. h5 Bh7 9. Bd3 Bxd3 10. Qxd3 e6 11. Bd2 Ngf6 12. 0-0-0 Be7 13. c4 0-0 14. Ne4 b5 15. Nxf6+ Nxf6 16. Ne5 bxc4 17. Qf3 Nd5 18. Nxc6 Qc7 19. Nxe7+ Qxe7 20. Bc3 a5 21. g4 a4 22. a3 Rab8 23. Rd2 Rb3 24. Rc2 Rfb8 25. Re1 Nxc3 26. bxc3 Qxa3+ 27. Kd2 Rb2 28. Rec1 Qb3 29. Rxb2 Qxb2+ 30. Rc2 a3 31. Qf4 a2 0-1

[Event "Teresina Piauiense-ch"]
[Site "Teresina"]
[Date "2019.10.11"]
[Round "1"]
[White "Alves da Silva, Thiago"]
[Black "Monteiro, Luis Felipe Furtado"]
[Result "1-0"]
[WhiteElo "2026"]
[BlackElo "1968"]
[PlyCount "61"]
[EventDate "2019.10.11"]
[EventType "tourn"]
[EventRounds "9"]
[EventCountry "BRA"]
[SourceTitle "CBM 192 Extra"]
[Source "Chessbase"]
[SourceDate "2019.11.06"]
[SourceVersion "1"]
[SourceVersionDate "2019.11.06"]
[SourceQuality "1"]

1. Nf3 Nf6 2. b3 g6 3. Bb2 Bg7 4. e3 d6 5. d4 0-0 6. Bd3 e5 7. dxe5 Nfd7 8. 0-0 dxe5 9. Qe2 Re8 10. e4 Nc6 11. Nbd2 Nb4 12. Ba3 Nxd3 13. Qxd3 Qf6 14. Nc4 b5 15. Ne3 c6 16. Rad1 a5 17. c3 a4 18. c4 Nf8 19. cxb5 cxb5 20. Nd5 Qc6 21. Ne7+ Rxe7 22. Bxe7 Ne6 23. Ng5 Bb7 24. Rc1 Qa6 25. Nxe6 Qxe6 26. Rc7 Qb6 27. Qd7 Ba6 28. Rfc1 h5 29. Bd6 Kh8 30. Qxf7 Rg8 31. Bxe5 1-0

[Event "Teresina op 7th"]
[Site "Teresina"]
[Date "2019.08.03"]
[Round "3"]
[White "Feijo, Francisco Celio"]
[Black "Alves da Silva, Thiago"]
[Result "1/2-1/2"]
[WhiteElo "1789"]
[BlackElo "2055"]
[PlyCount "33"]
[EventDate "2019.08.02"]
[EventType "swiss"]
[EventRounds "6"]
[EventCountry "BRA"]
[SourceTitle "EXT 2020"]
[Source "ChessBase"]
[SourceDate "2019.10.17"]
[SourceVersion "1"]
[SourceVersionDate "2019.10.17"]
[SourceQuality "1"]

1. d4 d5 2. Nf3 Nf6 3. Bf4 e6 4. e3 Bd6 5. Bg3 0-0 6. Nbd2 c5 7. c3 c4 8. Qc2 b5 9. e4 Bxg3 10. hxg3 dxe4 11. Nxe4 Nbd7 12. Ne5 h6 13. Be2 Qc7 14. f4 Nxe4 15. Qxe4 Bb7 16. Qe3 Nxe5 17. fxe5 1/2-1/2

[Event "Piaui-ch final"]
[Site "Teresina"]
[Date "2018.10.21"]
[Round "9"]
[White "Amorim, Gidelson Ferreira"]
[Black "Alves da Silva, Thiago"]
[Result "1-0"]
[WhiteElo "2004"]
[BlackElo "2060"]
[PlyCount "133"]
[EventDate "2018.10.11"]
[EventType "tourn"]
[EventRounds "9"]
[EventCountry "BRA"]
[SourceTitle "CBM 187 Extra"]
[Source "ChessBase"]
[SourceDate "2018.11.04"]
[SourceVersion "1"]
[SourceVersionDate "2018.11.04"]
[SourceQuality "1"]

1. e4 c5 2. Nc3 d6 3. d3 Nc6 4. g3 g6 5. Bg2 Bg7 6. f4 e6 7. Nf3 Nge7 8. 0-0 0-0 9. Be3 Nd4 10. Qd2 Nec6 11. Nh4 Bd7 12. Nd1 Ne7 13. c3 Ndc6 14. Bf2 Rb8 15. Ne3 f5 16. exf5 exf5 17. Nd5 Be6 18. Nxe7+ Nxe7 19. Rfe1 Bf7 20. Nf3 h6 21. d4 c4 22. d5 Nxd5 23. Bxa7 Ra8 24. Bf2 Nf6 25. Nd4 d5 26. Ne6 Bxe6 27. Rxe6 Ra6 28. Rxa6 bxa6 29. Rd1 Re8 30. Bxd5+ Nxd5 31. Qxd5+ Qxd5 32. Rxd5 Rb8 33. Rd2 Kf7 34. Bc5 a5 35. Rd7+ Kg8 36. Ba3 Bf8 37. Bxf8 Kxf8 38. Rd2 Ke7 39. Kf2 Ke6 40. a4 Rb7 41. Ke2 Rb8 42. Kd1 Rb6 43. Kc2 g5 44. Re2+ Kf6 45. Re5 gxf4 46. gxf4 Ra6 47. b3 cxb3+ 48. Kxb3 Rb6+ 49. Kc2 Rb8 50. Rxa5 Rg8 51. Ra6+ Kg7 52. Re6 h5 53. a5 Kf7 54. Re2 Rg4 55. Rf2 Ke6 56. a6 Rg7 57. Kb3 Ra7 58. Ra2 Kd5 59. Ra4 h4 60. Kb4 Kc6 61. Ka5 Kc5 62. Rb4 Rd7 63. Rb5+ Kc6 64. Rxf5 Rd2 65. h3 Ra2+ 66. Kb4 Kb6 67. a7 1-0

[Event "Piaui-ch final"]
[Site "Teresina"]
[Date "2018.10.14"]
[Round "4"]
[White "Alves da Silva, Thiago"]
[Black "Sales, Luis Carlos"]
[Result "1-0"]
[WhiteElo "2060"]
[BlackElo "1728"]
[PlyCount "69"]
[EventDate "2018.10.11"]
[EventType "tourn"]
[EventRounds "9"]
[EventCountry "BRA"]
[SourceTitle "CBM 187 Extra"]
[Source "ChessBase"]
[SourceDate "2018.11.04"]
[SourceVersion "1"]
[SourceVersionDate "2018.11.04"]
[SourceQuality "1"]

1. e4 e5 2. Nf3 d6 3. Bc4 Bg4 4. d3 Be7 5. c3 Qc8 6. Nbd2 Be6 7. 0-0 Bxc4 8. Nxc4 Nf6 9. Ne3 g6 10. h3 0-0 11. Nh2 Nc6 12. Neg4 Qe6 13. f4 exf4 14. Bxf4 Nxg4 15. Nxg4 g5 16. Be3 h5 17. Nh2 Qg6 18. Rf5 f6 19. Qb3+ Kh7 20. Qxb7 Ne5 21. Qxc7 Rf7 22. Qb7 Rg8 23. Qd5 g4 24. h4 Nf3+ 25. Nxf3 gxf3 26. Rxh5+ Kg7 27. Bh6+ Kh8 28. Bf4+ Rh7 29. Rxh7+ Kxh7 30. g3 f5 31. Qxf5 Qxf5 32. exf5 Bxh4 33. Kf2 Be7 34. Kxf3 d5 35. Rh1+ 1-0

[Event "Luiz Rego Memorial 6th"]
[Site "Teresina"]
[Date "2018.08.04"]
[Round "4"]
[White "Alves da Silva, Thiago"]
[Black "Correa, Luca Soares"]
[Result "1-0"]
[WhiteElo "2053"]
[BlackElo "1910"]
[PlyCount "83"]
[EventDate "2018.08.03"]
[EventType "swiss"]
[EventRounds "6"]
[EventCountry "BRA"]
[SourceTitle "CBM 186 Extra"]
[Source "ChessBase"]
[SourceDate "2018.08.24"]
[SourceVersion "1"]
[SourceVersionDate "2018.08.24"]
[SourceQuality "1"]

1. e4 e6 2. d4 d5 3. Nd2 Nc6 4. c3 e5 5. exd5 Qxd5 6. Ngf3 exd4 7. Bc4 Qd8 8. 0-0 Be7 9. cxd4 Nxd4 10. Nxd4 Qxd4 11. Qa4+ Qd7 12. Qb3 Nh6 13. Nf3 Bd6 14. Bxh6 gxh6 15. Qe3+ Qe7 16. Qxh6 Be6 17. Rfe1 0-0-0 18. Bxe6+ fxe6 19. Qxe6+ Qd7 20. Qxd7+ Rxd7 21. Kf1 Rg8 22. Rad1 Rdg7 23. g3 Rf8 24. Nd4 Rgf7 25. f4 Bb4 26. Re3 Rd8 27. Red3 Rfd7 28. Ke2 Re8+ 29. Kf3 Red8 30. Ke4 Re8+ 31. Kf5 Red8 32. a3 Bc5 33. Ke5 Re8+ 34. Ne6 Bd6+ 35. Kf6 Ree7 36. f5 Rf7+ 37. Kg5 Rde7 38. h3 Re8 39. g4 Rg8+ 40. Kh5 Kd7 41. Nxc7 Rf6 42. Nb5 1-0

[Event "Luiz Rego Memorial 6th"]
[Site "Teresina"]
[Date "2018.08.03"]
[Round "1"]
[White "Alves da Silva, Thiago"]
[Black "Pereira Fo, Hildebrando Apolon"]
[Result "1-0"]
[WhiteElo "2053"]
[BlackElo "1619"]
[PlyCount "69"]
[EventDate "2018.08.03"]
[EventType "swiss"]
[EventRounds "6"]
[EventCountry "BRA"]
[SourceTitle "CBM 186 Extra"]
[Source "ChessBase"]
[SourceDate "2018.08.24"]
[SourceVersion "1"]
[SourceVersionDate "2018.08.24"]
[SourceQuality "1"]

1. e4 c5 2. Nf3 d6 3. c3 Nf6 4. Be2 Nc6 5. d3 g6 6. 0-0 Bg7 7. h3 Bd7 8. Be3 a6 9. Qd2 c4 10. Na3 cxd3 11. Bxd3 b5 12. Nc2 0-0 13. Bh6 Na5 14. Bxg7 Kxg7 15. Ne3 Rc8 16. e5 dxe5 17. Nxe5 Be6 18. Qe2 Qc7 19. Nf3 Rfd8 20. a4 Nb3 21. Rad1 Nd5 22. Nxd5 Bxd5 23. axb5 axb5 24. Rfe1 e6 25. Bxb5 Rb8 26. c4 Bc6 27. Bxc6 Qxc6 28. Ne5 Qb7 29. Ng4 h5 30. Qe5+ Kg8 31. Nf6+ Kf8 32. Nd7+ Ke8 33. Qh8+ Ke7 34. Qf6+ Ke8 35. Rxe6+ 1-0

[Event "Teresina-ch"]
[Site "Teresina"]
[Date "2018.03.18"]
[Round "5.2"]
[White "Alves da Silva, Thiago"]
[Black "Amorim, Gidelson Ferreira"]
[Result "1-0"]
[WhiteElo "2041"]
[BlackElo "2013"]
[PlyCount "61"]
[EventDate "2018.03.15"]
[EventType "swiss"]
[EventRounds "5"]
[EventCountry "BRA"]
[SourceTitle "EXT 2022"]
[Source "ChessBase"]
[SourceDate "2021.10.06"]
[SourceVersion "1"]
[SourceVersionDate "2021.10.06"]
[SourceQuality "1"]

1. Nf3 Nf6 2. b3 g6 3. Bb2 Bg7 4. e3 0-0 5. Be2 d5 6. d4 c5 7. 0-0 Qc7 8. Nbd2 a6 9. dxc5 Qxc5 10. c4 Rd8 11. Bxf6 Bxf6 12. Ne4 dxe4 13. Qxd8+ Kg7 14. b4 Qa7 15. Nd4 e5 16. Qxc8 exd4 17. exd4 Bxd4 18. Rad1 Nc6 19. Qc7 Re8 20. Kh1 Be5 21. Qd7 Re6 22. f4 Bc3 23. b5 Re7 24. Qh3 Bd4 25. bxc6 bxc6 26. f5 f6 27. Rb1 a5 28. fxg6 hxg6 29. Qc8 Be5 30. Rb3 f5 31. Rh3 1-0

[Event "Teresina-ch"]
[Site "Teresina"]
[Date "2018.03.18"]
[Round "4.2"]
[White "Sales, Luis Carlos"]
[Black "Alves da Silva, Thiago"]
[Result "0-1"]
[WhiteElo "1702"]
[BlackElo "2041"]
[PlyCount "102"]
[EventDate "2018.03.15"]
[EventType "swiss"]
[EventRounds "5"]
[EventCountry "BRA"]
[SourceTitle "EXT 2022"]
[Source "ChessBase"]
[SourceDate "2021.10.06"]
[SourceVersion "1"]
[SourceVersionDate "2021.10.06"]
[SourceQuality "1"]

1. d4 d5 2. Nf3 Nf6 3. Bg5 e6 4. Nbd2 Be7 5. e3 Nbd7 6. c4 h6 7. Bh4 c5 8. cxd5 exd5 9. dxc5 Nxc5 10. Bb5+ Bd7 11. Bxd7+ Qxd7 12. 0-0 Qb5 13. Rb1 0-0 14. Nd4 Qa6 15. a3 Rfe8 16. b4 Nce4 17. Nxe4 Nxe4 18. Bxe7 Nc3 19. Qg4 Nxb1 20. b5 Qg6 21. Qxg6 fxg6 22. Bb4 a5 23. bxa6 Nxa3 24. axb7 Ra6 25. Bxa3 Rxa3 26. Rb1 Rb8 27. g3 Ra7 28. Rb5 Rbxb7 29. Rxd5 Ra2 30. Rb5 Rf7 31. Rb8+ Kh7 32. f3 Rc7 33. Rb1 Rc3 34. Re1 Rd3 35. f4 Rdd2 36. Nf3 Rg2+ 37. Kh1 Raf2 38. Nh4 Rxh2+ 39. Kg1 g5 40. fxg5 hxg5 41. Nf5 Kg6 42. e4 Rhg2+ 43. Kh1 Re2 44. Rxe2 Rxe2 45. Nd6 Kh5 46. Nf5 g6 47. Nd6 Kg4 48. Kg1 Re3 49. Nc4 Rxe4 50. Nd2 Rb4 51. Kf2 Rb2 0-1

[Event "Piaui-ch final"]
[Site "Teresina"]
[Date "2018.01.03"]
[Round "8"]
[White "Silva Sobrinho, Agostinho Jose"]
[Black "Alves da Silva, Thiago"]
[Result "1/2-1/2"]
[WhiteElo "2113"]
[BlackElo "2006"]
[PlyCount "117"]
[EventDate "2017.12.28"]
[EventType "tourn"]
[EventRounds "18"]
[EventCountry "BRA"]
[SourceTitle "EXT 2019"]
[Source "ChessBase"]
[SourceDate "2018.10.10"]
[SourceVersion "1"]
[SourceVersionDate "2018.10.10"]
[SourceQuality "1"]

1. d4 Nf6 2. c4 e6 3. Nf3 Bb4+ 4. Bd2 Qe7 5. a3 Bxd2+ 6. Nbxd2 d6 7. e4 e5 8. d5 0-0 9. Qc2 c5 10. dxc6 bxc6 11. c5 d5 12. Bd3 Nxe4 13. Bxe4 f5 14. Bxd5+ cxd5 15. 0-0 Nc6 16. Rfe1 Qf6 17. Nb3 e4 18. Nfd2 f4 19. Nf1 Ba6 20. Rad1 Rad8 21. Nc1 f3 22. Ne3 Qg5 23. Qb3 Bc4 24. Qc2 Ne5 25. g3 Rf6 26. Qd2 Rh6 27. Nxc4 Qh5 28. h4 Nxc4 29. Qg5 Qxg5 30. hxg5 Re6 31. b4 Nxa3 32. Nb3 Nb5 33. Nd4 Nxd4 34. Rxd4 Kf7 35. Red1 Re5 36. Ra1 Rd7 37. b5 Ke7 38. Ra6 Kd8 39. b6 axb6 40. cxb6 Rb7 41. g6 hxg6 42. Ra5 Rxb6 43. Raxd5+ Rxd5 44. Rxd5+ Ke7 45. g4 Ke6 46. Ra5 Rd6 47. Kh2 Kf6 48. Kg3 Rd1 49. Kf4 Rd2 50. Ra6+ Kf7 51. Kxe4 Rxf2 52. Ke3 Rf1 53. Rb6 f2 54. Rb4 g5 55. Ke2 Rc1 56. Kxf2 Rc3 57. Kg2 Rd3 58. Rb5 Kf6 59. Rf5+ 1/2-1/2

[Event "Luiz Rego Memorial 5th"]
[Site "Teresina"]
[Date "2017.08.06"]
[Round "6"]
[White "Alves da Silva, Thiago"]
[Black "Souza, Rafael Cabral de"]
[Result "0-1"]
[WhiteElo "1977"]
[BlackElo "2162"]
[PlyCount "119"]
[EventDate "2017.08.04"]
[EventType "swiss"]
[EventRounds "6"]
[EventCountry "BRA"]
[SourceTitle "CBM 180 Extra"]
[Source "ChessBase"]
[SourceDate "2017.10.06"]
[SourceVersion "1"]
[SourceVersionDate "2017.10.06"]
[SourceQuality "1"]

1. e4 c5 2. c3 g6 3. d4 cxd4 4. cxd4 Bg7 5. Nf3 d6 6. h3 e6 7. Nc3 Ne7 8. Be2 0-0 9. Be3 h6 10. 0-0 a6 11. Qd2 Kh7 12. d5 e5 13. Na4 Nd7 14. Qb4 b5 15. Nc3 Nb6 16. a4 Nxa4 17. Nxa4 bxa4 18. Rxa4 a5 19. Qb6 Bd7 20. Ra2 Qxb6 21. Bxb6 a4 22. Nd2 Rfc8 23. Bd3 Rab8 24. Ba5 Rc5 25. Bc3 f5 26. f3 Bf6 27. Kf2 Nc8 28. Ke2 Kg7 29. Nc4 Kf7 30. Nd2 f4 31. Rc1 Bd8 32. Nc4 Ke7 33. Kd2 Rb7 34. Raa1 Na7 35. Na3 Ba5 36. Rab1 Bd8 37. g3 fxg3 38. Rg1 Kf7 39. Rxg3 Bh4 40. Rgg1 Bxh3 41. Ke2 Bd7 42. Bd2 h5 43. Be3 Rcc7 44. f4 Bf6 45. fxe5 Bxe5 46. Nc4 Nb5 47. Rbf1+ Kg7 48. Nxe5 dxe5 49. Bc1 Nd4+ 50. Kd2 Bh3 51. Re1 Nf3+ 52. Ke2 Nxe1 53. Rxe1 Rb3 54. Kd2 Rf7 55. Re2 Bf1 56. Re3 Bxd3 57. Rxd3 Rf2+ 58. Ke3 Rxd3+ 59. Kxd3 h4 60. d6 0-1

[Event "Luiz Rego Memorial 5th"]
[Site "Teresina"]
[Date "2017.08.06"]
[Round "5"]
[White "Luz, Edmundo Reis"]
[Black "Alves da Silva, Thiago"]
[Result "0-1"]
[WhiteElo "2129"]
[BlackElo "1977"]
[PlyCount "82"]
[EventDate "2017.08.04"]
[EventType "swiss"]
[EventRounds "6"]
[EventCountry "BRA"]
[SourceTitle "CBM 180 Extra"]
[Source "ChessBase"]
[SourceDate "2017.10.06"]
[SourceVersion "1"]
[SourceVersionDate "2017.10.06"]
[SourceQuality "1"]

1. e4 c5 2. Nc3 d6 3. g3 g6 4. Bg2 Bg7 5. d3 Nc6 6. Be3 e5 7. Qd2 Nd4 8. Nd5 Be6 9. c3 Bxd5 10. cxd4 cxd4 11. Bg5 f6 12. Bxf6 Nxf6 13. exd5 0-0 14. Nh3 Ng4 15. 0-0 Bh6 16. Qe2 Qd7 17. Kh1 Nf6 18. f4 Rac8 19. Ng5 Bxg5 20. fxg5 Ng4 21. Bh3 Nf2+ 22. Rxf2 Qxh3 23. Raf1 Rxf2 24. Qxf2 Qd7 25. Kg2 Qe7 26. Qf6 Qxf6 27. gxf6 Kf7 28. g4 g5 29. h4 gxh4 30. Kh3 Rg8 31. Kxh4 Rg6 32. Rc1 Kxf6 33. Rc7 Rg7 34. Rc8 e4 35. dxe4 Ke5 36. Re8+ Kf4 37. e5 dxe5 38. d6 Rd7 39. Re7 Rxd6 40. Rxh7 d3 41. Rf7+ Ke3 0-1

[Event "Luiz Rego Memorial 5th"]
[Site "Teresina"]
[Date "2017.08.04"]
[Round "2"]
[White "Alves da Silva, Thiago"]
[Black "Amorim, Daniel Madson De Me"]
[Result "1-0"]
[WhiteElo "1977"]
[BlackElo "2180"]
[PlyCount "95"]
[EventDate "2017.08.04"]
[EventType "swiss"]
[EventRounds "6"]
[EventCountry "BRA"]
[SourceTitle "CBM 180 Extra"]
[Source "ChessBase"]
[SourceDate "2017.10.06"]
[SourceVersion "1"]
[SourceVersionDate "2017.10.06"]
[SourceQuality "1"]

1. Nf3 Nf6 2. b3 e6 3. Bb2 d5 4. e3 Be7 5. d4 0-0 6. Nbd2 c5 7. Bd3 b6 8. Ne5 Qc7 9. 0-0 Ba6 10. c4 cxd4 11. exd4 Nbd7 12. Rc1 Qb7 13. Qe2 Rac8 14. Ndf3 Rfd8 15. Nxf7 Rf8 16. N7g5 Rc6 17. Ne5 Rd6 18. Ba3 dxc4 19. Bxc4 Bxc4 20. Qxc4 Nd5 21. Bxd6 Bxd6 22. Qc6 Qxc6 23. Rxc6 Bxe5 24. dxe5 Nxe5 25. Rxe6 Ng4 26. f3 Ngf6 27. Rc6 Re8 28. Ne4 Nh5 29. Nd6 Rd8 30. Rc8 Rxc8 31. Nxc8 a5 32. Rd1 Nhf6 33. Rc1 Kf7 34. Rc6 Nb4 35. Rxb6 Nxa2 36. Rb7+ Kg6 37. Nb6 Nc1 38. Nc4 Nd5 39. Nxa5 Kf6 40. Nc4 Nd3 41. Nd2 h5 42. Ne4+ Ke5 43. Rxg7 Kd4 44. Rg5 N3f4 45. h4 Ke3 46. Nf6 Ne2+ 47. Kh2 Nc1 48. b4 1-0

[Event "Teresina-ch"]
[Site "Teresina"]
[Date "2017.03.18"]
[Round "3"]
[White "Alves da Silva, Thiago"]
[Black "Leite, Italo Andre Medeiro"]
[Result "0-1"]
[WhiteElo "1994"]
[BlackElo "1831"]
[PlyCount "48"]
[EventDate "2017.03.16"]
[EventType "swiss"]
[EventRounds "6"]
[EventCountry "BRA"]
[SourceTitle "CBM 177 Extra"]
[Source "ChessBase"]
[SourceDate "2017.04.27"]
[SourceVersion "1"]
[SourceVersionDate "2017.04.27"]
[SourceQuality "1"]

1. e4 e6 2. d4 d5 3. Nd2 Nf6 4. e5 Nfd7 5. Bd3 c5 6. c3 Nc6 7. Ne2 b6 8. 0-0 Bb7 9. f4 g6 10. Nf3 Bg7 11. g4 h5 12. f5 hxg4 13. Bg5 Qc8 14. fxe6 gxf3 15. exf7+ Kxf7 16. Rxf3+ Kg8 17. Bxg6 Ndxe5 18. dxe5 Nxe5 19. Nf4 d4 20. Rg3 Qc6 21. Bh5 Qh1+ 22. Kf2 Qxh2+ 23. Ng2 Rf8+ 24. Bf3 Rxf3+ 0-1

[Event "Teresina-ch"]
[Site "Teresina"]
[Date "2017.03.16"]
[Round "1"]
[White "Pessoa Gomes, Fabio"]
[Black "Alves da Silva, Thiago"]
[Result "1/2-1/2"]
[WhiteElo "1783"]
[BlackElo "1994"]
[PlyCount "91"]
[EventDate "2017.03.16"]
[EventType "swiss"]
[EventRounds "6"]
[EventCountry "BRA"]
[SourceTitle "CBM 177 Extra"]
[Source "ChessBase"]
[SourceDate "2017.04.27"]
[SourceVersion "1"]
[SourceVersionDate "2017.04.27"]
[SourceQuality "1"]

1. e4 c5 2. Nf3 e6 3. d4 cxd4 4. Nxd4 Nf6 5. Nc3 Nc6 6. Be3 Bb4 7. f3 0-0 8. Qd2 e5 9. Nxc6 bxc6 10. a3 Ba5 11. b4 Bb6 12. Na4 Bxe3 13. Qxe3 d5 14. Be2 a5 15. 0-0 Re8 16. Nc5 Qb6 17. Kh1 axb4 18. axb4 Rxa1 19. Rxa1 Qxb4 20. h3 d4 21. Qa3 Qd2 22. Qd3 Qf4 23. Ra7 Nh5 24. Qc4 Ng3+ 25. Kg1 Rf8 26. Bd3 h5 27. Nd7 Bxd7 28. Rxd7 Ra8 29. Qb3 Ra1+ 30. Kf2 Qe3+ 31. Kxg3 h4+ 32. Kxh4 Qf4+ 33. g4 g5+ 34. Kh5 Rh1 35. Rxf7 Qxf7+ 36. Qxf7+ Kxf7 37. Kxg5 Rxh3 38. Kf5 Rxf3+ 39. Kxe5 Rg3 40. Kxd4 Rxg4 41. Kc5 Rg6 42. e5 Rh6 43. Be4 Re6 44. Bxc6 Rxe5+ 45. Bd5+ Ke7 46. c4 1/2-1/2

[Event "Piauiense-ch"]
[Site "Teresina"]
[Date "2016.12.15"]
[Round "7"]
[White "Alves da Silva, Thiago"]
[Black "Sales, Luis Carlos"]
[Result "1-0"]
[WhiteElo "2004"]
[BlackElo "1825"]
[PlyCount "126"]
[EventDate "2016.11.25"]
[EventType "tourn"]
[EventRounds "9"]
[EventCountry "BRA"]
[SourceTitle "EXT 2018"]
[Source "ChessBase"]
[SourceDate "2017.10.13"]
[SourceVersion "1"]
[SourceVersionDate "2017.10.13"]
[SourceQuality "1"]

1. e4 e5 2. Nf3 d6 3. d4 exd4 4. Nxd4 Nf6 5. Nc3 Be7 6. Be2 0-0 7. 0-0 Re8 8. g4 h6 9. f4 Nh7 10. Be3 c6 11. Qd2 b5 12. Bf3 Bb7 13. Nf5 Bf8 14. Rad1 b4 15. Ne2 d5 16. exd5 cxd5 17. g5 hxg5 18. fxg5 Re5 19. Bg2 Na6 20. c4 Qc8 21. Bh3 Qxc4 22. b3 Qb5 23. Ned4 Qe8 24. Bf4 Re4 25. Bg2 Rd8 26. Bxe4 dxe4 27. Be3 Nc5 28. Qg2 Ba6 29. Rf4 Ne6 30. Rg4 Bc5 31. Rd2 Nxd4 32. Nxd4 Qe5 33. Qxe4 Re8 34. Qxe5 Rxe5 35. Bf2 Nxg5 36. h4 Nh3+ 37. Kg2 Nxf2 38. Kxf2 Rd5 39. Ke1 Re5+ 40. Kd1 Bc8 41. Rf4 Re3 42. Re2 Rd3+ 43. Rd2 Rh3 44. Rc2 Rh1+ 45. Kd2 Rh2+ 46. Ne2 Ba6 47. Re4 Bb6 48. Kc1 Bd3 49. Re8+ Kh7 50. Rd2 Rh1+ 51. Rd1 Bxe2 52. Rxe2 Rxh4 53. Rf1 f6 54. Re7 Kg6 55. Rf3 Rg4 56. Kd2 Rg2+ 57. Kd3 f5 58. Re5 f4 59. Rxf4 Rxa2 60. Rxb4 Kf6 61. Reb5 Rh2 62. Rg4 g6 63. Ke4 Rh5 1-0

[Event "Recife Arraes Memorial 9th"]
[Site "Recife"]
[Date "2016.10.23"]
[Round "5.28"]
[White "Gomes, Genildo de Souza"]
[Black "Alves da Silva, Thiago"]
[Result "1-0"]
[WhiteElo "1628"]
[BlackElo "2004"]
[PlyCount "57"]
[EventDate "2016.10.21"]
[EventType "swiss"]
[EventRounds "6"]
[EventCountry "BRA"]
[SourceTitle "EXT 2022"]
[Source "ChessBase"]
[SourceDate "2021.10.06"]
[SourceVersion "1"]
[SourceVersionDate "2021.10.06"]
[SourceQuality "1"]

1. d4 Nf6 2. Nf3 e6 3. h3 d5 4. Bf4 c5 5. e3 Nc6 6. c3 Qb6 7. Qc2 cxd4 8. exd4 Be7 9. Nbd2 0-0 10. Bd3 Bd7 11. Ne5 Rac8 12. Ndf3 g6 13. Bh6 Rfe8 14. Nxg6 fxg6 15. Bxg6 Nxd4 16. Bxh7+ Kh8 17. Nxd4 Nxh7 18. 0-0-0 e5 19. Be3 exd4 20. Bxd4+ Bf6 21. Bxb6 axb6 22. Rxd5 Bg5+ 23. Kb1 Rf8 24. Rxd7 Nf6 25. h4 Bh6 26. Rxb7 Bg7 27. Qg6 Rg8 28. Rxg7 Rxg7 29. Qxf6 1-0

[Event "Recife Arraes Memorial 9th"]
[Site "Recife"]
[Date "2016.10.22"]
[Round "3.33"]
[White "Alves da Silva, Thiago"]
[Black "Dos Santos, Bruna Roberta GA"]
[Result "1-0"]
[WhiteElo "2004"]
[BlackElo "1367"]
[PlyCount "61"]
[EventDate "2016.10.21"]
[EventType "swiss"]
[EventRounds "6"]
[EventCountry "BRA"]
[SourceTitle "EXT 2022"]
[Source "ChessBase"]
[SourceDate "2021.10.06"]
[SourceVersion "1"]
[SourceVersionDate "2021.10.06"]
[SourceQuality "1"]

1. d4 d5 2. c4 c6 3. Nf3 Nf6 4. Nc3 e6 5. Bg5 Be7 6. e3 0-0 7. Bd3 dxc4 8. Bxc4 b5 9. Bd3 Nbd7 10. 0-0 Bb7 11. Qc2 a6 12. a3 Re8 13. Rfd1 Qc7 14. Bf4 Bd6 15. Bxd6 Qxd6 16. Ne4 Nxe4 17. Bxe4 Nf6 18. Ne5 Nxe4 19. Qxe4 Re7 20. Qf4 Rd8 21. Qh4 c5 22. f4 f6 23. dxc5 Qxd1+ 24. Rxd1 Rxd1+ 25. Kf2 Rd2+ 26. Kg3 Rxg2+ 27. Kh3 g5 28. fxg5 fxe5 29. e4 Rxb2 30. g6 Rg7 31. Qd8# 1-0